Statistics for Animals beginning with the letter M (pictures)

Click here to take the quiz!

General Stats

  • This quiz has been taken 175 times
  • The average score is 10 of 14

Answer Stats

Answer% Correct
Moose
93%
Monkey
91%
Mouse
91%
Meerkat
87%
Moth
87%
Mosquito
85%
Manatee
79%
Manta Ray
77%
Macaw
74%
Mandrill
59%
Mongoose
51%
Marmot
40%
Mudskipper
31%
Minnow
19%

Score Distribution

Percentile by Number Answered

Percent of People with Each Score

Your Score History

You have not taken this quiz